LIBRARY & INFORMATION CENTRE, KCAET, TAVANUR

ONLINE PUBLIC ACCESS CATALOGUE (OPAC)

Watershed simulation using GIS integrated physically based model (Record no. 15176)

MARC details
000 -LEADER
fixed length control field 00773nam a22002177a 4500
003 - CONTROL NUMBER IDENTIFIER
control field OSt
088 ## - REPORT NUMBER
Report number P 195
100 ## - MAIN ENTRY--AUTHOR NAME
Personal name DIVYA GOPINATH
245 ## - TITLE STATEMENT
Title Watershed simulation using GIS integrated physically based model
260 ## - PUBLICATION, DISTRIBUTION, ETC. (IMPRINT)
Place of publication Tavanur 2009
Name of publisher Department of Land and Water Resources and Conservation Engineering
300 ## - PHYSICAL DESCRIPTION
Number of Pages 62
500 ## - GENERAL NOTE
General note Watershed simulation using GIS integrated physically based model
520 ## - SUMMARY, ETC.
Summary, etc Watershed simulation using GIS integrated physically based model
700 ## - ADDED ENTRY--PERSONAL NAME
Personal name Kripa I. V
700 ## - ADDED ENTRY--PERSONAL NAME
Personal name Pooja P
700 ## - ADDED ENTRY--PERSONAL NAME
Personal name Shalini M. CHandran
700 ## - ADDED ENTRY--PERSONAL NAME
Personal name Er. K. K Sathian (Guide)
856 ## - ELECTRONIC LOCATION AND ACCESS
Uniform Resource Identifier https://drive.google.com/open?id=1L46b3wjCecU3B8m3mWI1-csiB1uTk5Li
942 ## - ADDED ENTRY ELEMENTS (KOHA)
Koha item type Project Report
Holdings
Collection code Home library Current library Shelving location Full call number Accession Number Koha item type
Reference KAUAET KAUAET Reference 631.7 DIV/WA P 195 Project Report
free website counter